Countries of the World 1970 - Statistics

General Stats
  • This quiz has been taken 56 times
  • The average score is 122 of 141
Answers on the Map
Answers color-coded by a green-red scale on the quiz's map according to % correct below.
 
Answer Stats
Answer % Correct
Australia
100%
Canada
100%
China
100%
India
100%
Mexico
100%
Mongolia
100%
South Africa
100%
United States of America
100%
Belgium
97%
Brazil
97%
Denmark
97%
France
97%
Iran
97%
Ireland
97%
New Zealand
97%
North Korea
97%
Portugal
97%
South Korea
97%
Soviet Union
97%
Spain
97%
Turkey
97%
United Kingdom
97%
Afghanistan
94%
Argentina
94%
Chile
94%
Congo
94%
Cuba
94%
East Germany
94%
Finland
94%
Haiti
94%
Indonesia
94%
Iraq
94%
Italy
94%
Japan
94%
Morocco
94%
Pakistan
94%
Syria
94%
Thailand
94%
Uruguay
94%
West Germany
94%
Bolivia
91%
Bulgaria
91%
Cambodia
91%
Chad
91%
Czechoslovakia
91%
Dominican Republic
91%
Guatemala
91%
Iceland
91%
Israel
91%
Jordan
91%
Laos
91%
Libya
91%
Madagascar
91%
Malaysia
91%
Mali
91%
Nepal
91%
Netherlands
91%
Niger
91%
Norway
91%
Panama
91%
Paraguay
91%
Peru
91%
Poland
91%
Saudi Arabia
91%
Somalia
91%
Sweden
91%
Yemen
91%
Yugoslavia
91%
Albania
88%
Algeria
88%
Austria
88%
Bhutan
88%
Cameroon
88%
Colombia
88%
Costa Rica
88%
Cyprus
88%
Gabon
88%
Greece
88%
Guinea
88%
Guyana
88%
Honduras
88%
Jamaica
88%
Kenya
88%
Lesotho
88%
Malta
88%
Nigeria
88%
North Vietnam
88%
Philippines
88%
Senegal
88%
South Vietnam
88%
Sudan
88%
Taiwan
88%
Tunisia
88%
Venezuela
88%
Central African Republic
85%
Ecuador
85%
El Salvador
85%
Ethiopia
85%
Gambia
85%
Ghana
85%
Hungary
85%
Kuwait
85%
Lebanon
85%
Liberia
85%
Romania
85%
Switzerland
85%
Tanzania
85%
Togo
85%
Zambia
85%
Andorra
82%
Burma
82%
Ivory Coast
82%
Luxembourg
82%
Malawi
82%
Maldives
82%
Monaco
82%
Nicaragua
82%
Rwanda
82%
Singapore
82%
Uganda
82%
Botswana
79%
San Marino
79%
Vatican City
79%
Liechtenstein
76%
Samoa
73%
Trinidad and Tobago
73%
Barbados
70%
Mauritania
70%
Mauritius
70%
Sierra Leone
70%
Burkina Faso
67%
Nauru
67%
South Yemen
67%
Swaziland
67%
Zaire
67%
Burundi
64%
Equatorial Guinea
64%
Ceylon
61%
United Arab Republic
52%
Dahomey
30%
Biafra
18%
No matching quizzes found
Score Distribution
Percent of People with Each Score
Percentile by Number Answered
Your Score History
You have not taken this quiz